{"text_format":"1","workbook":"xlsx","n_sheets":3,"sheets":["Age Group Results","Gender Results Table","Full Table"],"not_rendered":{"charts":0,"images":0,"macros":1,"external_links":0,"defined_names":6,"comments":0,"pivot_tables":2},"unopened":[],"bounds":{"document_bytes":16777216,"sheet_cells":100000,"rows_first":2000,"rows_last":500,"rows_between":2000,"halvings":0,"cell_chars":16384,"cell_head_chars":4096},"cells_cut":0,"cells_raw":0,"read":"whole","date_system":"1900"}

{"sheet":"Age Group Results","index":0,"n_rows":15,"n_cols":6,"rows_kept":15,"cut":false,"hidden":false,"merged":[]}
[null,"2016 Townsvill Road Runners - Long Course Club Championship - Age Group Results"]
[]
[null,"Eligible","Yes"]
[null,"Gender","F"]
[null,"Age Group Name"," To 29"]
[]
[null,"Age Group Rank","Full Name","Total Points Incl Vol.","Ave. member place per run","Ave. Points Per Run"]
["1) Select Gender below",1,"GABRIELLA SPRINGALL",2199,4.4000000000000057,146.6]
[null,2,"ISIS FLYNN-PITTAR",1979,19.066666666666663,131.93333333333334]
[null,"Grand Total"]
[]
[]
[]
[]
["2) Select Age Group below"]

{"sheet":"Gender Results Table","index":1,"n_rows":46,"n_cols":6,"rows_kept":46,"cut":false,"hidden":false,"merged":[]}
[null,"2016 Townsvill Road Runners - Long Course Club Championship - Gender Results"]
[]
[null,"Eligible","Yes"]
[null,"Gender","M"]
[]
[null,"Rank","Full Name","Total Points Incl Vol.","Ave. member place per run","Ave. Points Per Run"]
["Select Gender below",1,"SIMON O'REGAN",2250,1,150]
[null,2,"MICHAEL HARDING",2241,1.5999999999999943,149.4]
[null,3,"MARK BUCHHOLZ",2239,1.7333333333333201,149.26666666666668]
[null,4,"DEON STRIPP",2206,3.9333333333333371,147.06666666666666]
[null,5,"CAMERON WALLIS",2194,4.7333333333333201,146.26666666666668]
[null,6,"MATTHEW BOSCHEN",2191,4.9333333333333371,146.06666666666666]
[null,7,"CHRISTIAAN PRETORIUS",2144,8.0666666666666629,142.93333333333334]
[null,8,"MICHAEL MARRINAN",2140,8.3333333333333428,142.66666666666666]
[null,9,"JEVYN HYDE",2138,8.4666666666666686,142.53333333333333]
[null,10,"MICHAEL FITZSIMMONS",2123,9.4666666666666686,141.53333333333333]
[null,11,"GAVIN WERBELOFF",2114,10.066666666666663,140.93333333333334]
[null,12,"STUART ILLMAN",2094,11.400000000000006,139.6]
[null,13,"DERRICK EVANS",2048,14.466666666666669,136.53333333333333]
[null,14,"ANDRE MENTOR",2046.9230769230769,14.538461538461547,136.46153846153845]
[null,15,"LES CRAWFORD",2034,15.400000000000006,135.6]
[null,16,"BILL DOHERTY",2032,15.533333333333331,135.46666666666667]
[null,17,"JOHN NUTTALL",2031.4285714285713,15.571428571428584,135.42857142857142]
[null,18,"GERARD SCHICK",2031,15.599999999999994,135.4]
[null,19,"BRENDAN CARTER",2004.2307692307693,17.384615384615387,133.61538461538461]
[null,20,"SCOTT VOLLMERHAUSE",1983,18.800000000000011,132.19999999999999]
[null,21,"WILLIAM GUY",1969.2857142857142,19.714285714285722,131.28571428571428]
[null,22,"FRASER BRADLEY",1965,20,131]
[null,23,"PAUL DAY",1946,21.26666666666668,129.73333333333332]
[null,24,"TREVOR NICHOLSON",1923,22.800000000000011,128.19999999999999]
[null,25,"IAN FRAZER",1885,25.333333333333329,125.66666666666667]
[null,26,"MICHAEL DONOGHUE",1859,27.066666666666663,123.93333333333334]
[null,27,"ROBERT ELLERSHAW",1847.1428571428571,27.857142857142861,123.14285714285714]
[null,28,"PHIL O'REILLY",1837,28.533333333333331,122.46666666666667]
[null,29,"FRANCESCO TIRENDI",1774,32.733333333333334,118.26666666666667]
[null,30,"SCOTT MCINNES",1731,35.599999999999994,115.4]
[null,31,"ANTONY DAAMEN",1725,36,115]
[null,32,"JIM MCNABB",1720,36.333333333333329,114.66666666666667]
[null,33,"KEITH RICH",1696.0714285714287,37.928571428571431,113.07142857142857]
[null,34,"MIKE RUBENACH",1596,44.599999999999994,106.4]
[null,35,"WILLIAM SUE YEK",1531,48.933333333333337,102.06666666666666]
[null,36,"MATHEW SMITH",1524,49.400000000000006,101.6]
[null,37,"DAVID BROOKE-TAYLOR",1453.8461538461538,54.07692307692308,96.92307692307692]
[null,38,"JAAP DE JONG",1453,54.13333333333334,96.86666666666666]
[null,39,"CAM LEITCH",1389.2307692307693,58.384615384615387,92.615384615384613]
[null,"Grand Total"]

{"sheet":"Full Table","index":2,"n_rows":185,"n_cols":45,"rows_kept":185,"cut":false,"hidden":false,"merged":[[1,24,1,33],[1,34,1,43]]}
[]
[null,null,null,"2016 Townsville Road Runners -Long Course  Club Championship Points Table",null,null,null,null,null,null,null,null,null,null,null,null,null,null,null,null,null,null,null,null,"Males",null,null,null,null,null,null,null,null,null,"Females"]
[null,null,"Member #","Full Name","Surname","First name","No. of Runs (Max 15)","Points from best 15 runs only","Ave. Points Per Run","Ave. member place per run","Total Time Volunteered","Times Volunteered for points (Max 2 for <=13, 1 for 14, 0 for 15)","Vol. Points","Total Points Incl Vol.","Total eligible events","Eligible for Club C'ship Awards\n #","Gender","Age Grouping","Age Group Name","Overall Rank","Gender Rank Top 3/Rest","Gender Rank","Age Rank Top 3/Rest","Age Group Rank","Male Only","to 17 ","Male\nto 29 ","Male\n 30  to 39 ","Male\n 40  to 49 ","Male\n 50  to 59 ","Male\n 60  to 64 ","Male\n 65  to 69 ","Males\n 70  to 74 ","Males\n 75  and older","Female Only","Female\n to 17 ","Female\nto 29 ","Female\n 30  to 39 ","Female\n 40  to 49 ","Female\n 50  to 59 ","Female\n 60  to 64 ","Female\n 65  to 69 ","Female\n 70  to 74 ","Female\n 75  and older","Top 3 Filter"]
[null,null,538802,{"$f":"F4&\" \"&E4","v":"SIMON O'REGAN"},"O'REGAN","SIMON",14,2100,150,1,2,1,150,2250,15,"Yes","M",4,"40  to 49 ",1,1,1,1,1,1,"","","",1,"","","","","","","","","","","","","","","",3]
[null,null,402787,{"$f":"F5&\" \"&E5","v":"MICHAEL HARDING"},"HARDING","MICHAEL",15,2241,149.4,1.5999999999999943,2,0,0,2241,15,"Yes","M",3,"30  to 39 ",2,2,2,1,1,2,"","",1,"","","","","","","","","","","","","","","","",3]
[null,null,402964,"MARK BUCHHOLZ","BUCHHOLZ","MARK",15,2239,149.26666666666668,1.7333333333333201,2,0,0,2239,15,"Yes","M",5,"50  to 59 ",3,3,3,1,1,3,"","","","",1,"","","","","","","","","","","","","","",3]
[null,null,402774,"DEON STRIPP","STRIPP","DEON",15,2206,147.06666666666666,3.9333333333333371,0,0,0,2206,15,"Yes","M",3,"30  to 39 ",4,"Outside Top 3",4,2,2,4,"","",2,"","","","","","","","","","","","","","","","",1]
[null,null,402768,"DEAHNE TURNBULL","TURNBULL","DEAHNE",15,2199,146.6,4.4000000000000057,1,0,0,2199,15,"Yes","F",3,"30  to 39 ",5,1,1,1,1,"","","","","","","","","","",1,"","",1,"","","","","","",2]
[null,null,402791,"GABRIELLA SPRINGALL","SPRINGALL","GABRIELLA",15,2199,146.6,4.4000000000000057,4,0,0,2199,15,"Yes","F",2," To 29",5,1,1,1,1,"","","","","","","","","","",1,"",1,"","","","","","","",2]
[null,null,402744,"CAMERON WALLIS","WALLIS","CAMERON",15,2194,146.26666666666668,4.7333333333333201,4,0,0,2194,15,"Yes","M",5,"50  to 59 ",7,"Outside Top 3",5,2,2,5,"","","","",2,"","","","","","","","","","","","","","",1]
[null,null,402882,"MATTHEW BOSCHEN","BOSCHEN","MATTHEW",15,2191,146.06666666666666,4.9333333333333371,0,0,0,2191,15,"Yes","M",4,"40  to 49 ",8,"Outside Top 3",6,2,2,6,"","","",2,"","","","","","","","","","","","","","","",1]
[null,null,516428,"CHRISTIAAN PRETORIUS","PRETORIUS","CHRISTIAAN",15,2144,142.93333333333334,8.0666666666666629,1,0,0,2144,15,"Yes","M",2," To 29",9,"Outside Top 3",7,1,1,7,"",1,"","","","","","","","","","","","","","","","","",1]
[null,null,402784,"MICHAEL MARRINAN","MARRINAN","MICHAEL",15,2140,142.66666666666666,8.3333333333333428,2,0,0,2140,15,"Yes","M",3,"30  to 39 ",10,"Outside Top 3",8,3,3,8,"","",3,"","","","","","","","","","","","","","","","",1]
[null,null,402834,"JEVYN HYDE","HYDE","JEVYN",15,2138,142.53333333333333,8.4666666666666686,1,0,0,2138,15,"Yes","M",3,"30  to 39 ",11,"Outside Top 3",9,"Outside Top 3",4,9,"","",4,"","","","","","","","","","","","","","","","",0]
[null,null,402963,"SONJA SCHONFELDT-ROY","SCHONFELDT-ROY","SONJA",15,2126,141.73333333333332,9.2666666666666799,3,0,0,2126,15,"Yes","F",3,"30  to 39 ",12,3,3,2,2,"","","","","","","","","","",3,"","",2,"","","","","","",2]
[null,null,402890,"MICHAEL FITZSIMMONS","FITZSIMMONS","MICHAEL",15,2123,141.53333333333333,9.4666666666666686,9,0,0,2123,15,"Yes","M",5,"50  to 59 ",13,"Outside Top 3",10,3,3,10,"","","","",3,"","","","","","","","","","","","","","",1]
[null,null,402809,"GAVIN WERBELOFF","WERBELOFF","GAVIN",15,2114,140.93333333333334,10.066666666666663,4,0,0,2114,15,"Yes","M",4,"40  to 49 ",14,"Outside Top 3",11,3,3,11,"","","",3,"","","","","","","","","","","","","","","",1]
[null,null,403016,"ERIN STAFFORD","STAFFORD","ERIN",15,2105,140.33333333333334,10.666666666666657,4,0,0,2105,15,"Yes","F",4,"40  to 49 ",15,"Outside Top 3",4,1,1,"","","","","","","","","","",4,"","","",1,"","","","","",1]
[null,null,461543,"MEREDITH WATKINS","WATKINS","MEREDITH",15,2103,140.19999999999999,10.800000000000011,2,0,0,2103,15,"Yes","F",3,"30  to 39 ",16,"Outside Top 3",5,3,3,"","","","","","","","","","",5,"","",3,"","","","","","",1]
[null,null,402769,"STUART ILLMAN","ILLMAN","STUART",15,2094,139.6,11.400000000000006,0,0,0,2094,15,"Yes","M",3,"30  to 39 ",17,"Outside Top 3",12,"Outside Top 3",5,12,"","",5,"","","","","","","","","","","","","","","","",0]
[null,null,456855,"ADRIAN GARNETT","GARNETT","ADRIAN",13,1905,146.53846153846155,4.4615384615384528,1,1,146.53846153846155,2051.5384615384614,14,"No","M",4,"40  to 49 ","","Outside Top 3",null,"Outside Top 3",null,"","","","","","","","","","","","","","","","","","","","",0]
[null,null,265710,"DERRICK EVANS","EVANS","DERRICK",15,2048,136.53333333333333,14.466666666666669,1,0,0,2048,15,"Yes","M",4,"40  to 49 ",18,"Outside Top 3",13,"Outside Top 3",4,13,"","","",4,"","","","","","","","","","","","","","","",0]
[null,null,402716,"ANDRE MENTOR","MENTOR","ANDRE",13,1774,136.46153846153845,14.538461538461547,4,2,272.92307692307691,2046.9230769230769,15,"Yes","M",4,"40  to 49 ",19,"Outside Top 3",14,"Outside Top 3",5,14,"","","",5,"","","","","","","","","","","","","","","",0]
[null,null,402805,"LES CRAWFORD","CRAWFORD","LES",15,2034,135.6,15.400000000000006,3,0,0,2034,15,"Yes","M",6,"60  to 64 ",20,"Outside Top 3",15,1,1,15,"","","","","",1,"","","","","","","","","","","","","",1]
[null,null,402950,"BILL DOHERTY","DOHERTY","BILL",15,2032,135.46666666666667,15.533333333333331,3,0,0,2032,15,"Yes","M",5,"50  to 59 ",21,"Outside Top 3",16,"Outside Top 3",4,16,"","","","",4,"","","","","","","","","","","","","","",0]
[null,null,402838,"JOHN NUTTALL","NUTTALL","JOHN",14,1896,135.42857142857142,15.571428571428584,2,1,135.42857142857142,2031.4285714285713,15,"Yes","M",7,"65  to 69 ",22,"Outside Top 3",17,1,1,17,"","","","","","",1,"","","","","","","","","","","","",1]
[null,null,402797,"GERARD SCHICK","SCHICK","GERARD",15,2031,135.4,15.599999999999994,0,0,0,2031,15,"Yes","M",4,"40  to 49 ",23,"Outside Top 3",18,"Outside Top 3",6,18,"","","",6,"","","","","","","","","","","","","","","",0]
[null,null,402728,"BRENDAN CARTER","CARTER","BRENDAN",13,1737,133.61538461538461,17.384615384615387,2,2,267.23076923076923,2004.2307692307693,15,"Yes","M",5,"50  to 59 ",24,"Outside Top 3",19,"Outside Top 3",5,19,"","","","",5,"","","","","","","","","","","","","","",0]
[null,null,319915,"SCOTT VOLLMERHAUSE","VOLLMERHAUSE","SCOTT",15,1983,132.19999999999999,18.800000000000011,4,0,0,1983,15,"Yes","M",4,"40  to 49 ",25,"Outside Top 3",20,"Outside Top 3",7,20,"","","",7,"","","","","","","","","","","","","","","",0]
[null,null,617094,"ISIS FLYNN-PITTAR","FLYNN-PITTAR","ISIS",15,1979,131.93333333333334,19.066666666666663,1,0,0,1979,15,"Yes","F",2," To 29",26,"Outside Top 3",6,2,2,"","","","","","","","","","",6,"",2,"","","","","","","",1]
[null,null,284106,"WILLIAM GUY","GUY","WILLIAM",14,1838,131.28571428571428,19.714285714285722,1,1,131.28571428571428,1969.2857142857142,15,"Yes","M",4,"40  to 49 ",27,"Outside Top 3",21,"Outside Top 3",8,21,"","","",8,"","","","","","","","","","","","","","","",0]
[null,null,403025,"FRASER BRADLEY","BRADLEY","FRASER",15,1965,131,20,2,0,0,1965,15,"Yes","M",4,"40  to 49 ",28,"Outside Top 3",22,"Outside Top 3",9,22,"","","",9,"","","","","","","","","","","","","","","",0]
[null,null,315561,"JULIE BRUNKER","BRUNKER","JULIE",14,1824,130.28571428571428,20.714285714285722,3,1,130.28571428571428,1954.2857142857142,15,"Yes","F",3,"30  to 39 ",29,"Outside Top 3",7,"Outside Top 3",4,"","","","","","","","","","",7,"","",4,"","","","","","",0]
[null,null,402980,"PAUL DAY","DAY","PAUL",15,1946,129.73333333333332,21.26666666666668,0,0,0,1946,15,"Yes","M",5,"50  to 59 ",30,"Outside Top 3",23,"Outside Top 3",6,23,"","","","",6,"","","","","","","","","","","","","","",0]
[null,null,402905,"TREVOR NICHOLSON","NICHOLSON","TREVOR",15,1923,128.19999999999999,22.800000000000011,6,0,0,1923,15,"Yes","M",6,"60  to 64 ",31,"Outside Top 3",24,2,2,24,"","","","","",2,"","","","","","","","","","","","","",1]
[null,null,402808,"DEE FLYNN-PITTAR","FLYNN-PITTAR","DEE",13,1638,126,25,2,2,252,1890,15,"Yes","F",5,"50  to 59 ",32,"Outside Top 3",8,1,1,"","","","","","","","","","",8,"","","","",1,"","","","",1]
[null,null,495266,"IAN FRAZER","FRAZER","IAN",15,1885,125.66666666666667,25.333333333333329,0,0,0,1885,15,"Yes","M",7,"65  to 69 ",33,"Outside Top 3",25,2,2,25,"","","","","","",2,"","","","","","","","","","","","",1]
[null,null,403037,"MICHAEL DONOGHUE","DONOGHUE","MICHAEL",15,1859,123.93333333333334,27.066666666666663,5,0,0,1859,15,"Yes","M",7,"65  to 69 ",34,"Outside Top 3",26,3,3,26,"","","","","","",3,"","","","","","","","","","","","",1]
[null,null,265818,"LYN NEWMAN","NEWMAN","LYN",15,1854,123.6,27.400000000000006,3,0,0,1854,15,"Yes","F",5,"50  to 59 ",35,"Outside Top 3",9,2,2,"","","","","","","","","","",9,"","","","",2,"","","","",1]
[null,null,402939,"ROBERT ELLERSHAW","ELLERSHAW","ROBERT",14,1724,123.14285714285714,27.857142857142861,1,1,123.14285714285714,1847.1428571428571,15,"Yes","M",6,"60  to 64 ",36,"Outside Top 3",27,3,3,27,"","","","","",3,"","","","","","","","","","","","","",1]
[null,null,583257,"DAVID CULLEN","CULLEN","DAVID",14,1846,131.85714285714286,19.142857142857139,0,0,0,1846,14,"No","M",4,"40  to 49 ","","Outside Top 3",null,"Outside Top 3",null,"","","","","","","","","","","","","","","","","","","","",0]
[null,null,402911,"PHIL O'REILLY","O'REILLY","PHIL",15,1837,122.46666666666667,28.533333333333331,2,0,0,1837,15,"Yes","M",6,"60  to 64 ",37,"Outside Top 3",28,"Outside Top 3",4,28,"","","","","",4,"","","","","","","","","","","","","",0]
[null,null,402906,"NICOLE DESAILLY","DESAILLY","NICOLE",15,1812,120.8,30.200000000000003,3,0,0,1812,15,"Yes","F",5,"50  to 59 ",38,"Outside Top 3",10,3,3,"","","","","","","","","","",10,"","","","",3,"","","","",1]
[null,null,468177,"SHERRY COX","COX","SHERRY",15,1795,119.66666666666667,31.333333333333329,0,0,0,1795,15,"Yes","F",4,"40  to 49 ",39,"Outside Top 3",11,2,2,"","","","","","","","","","",11,"","","",2,"","","","","",1]
[null,null,403015,"COLLEEN NEWNHAM","NEWNHAM","COLLEEN",15,1781,118.73333333333333,32.266666666666666,2,0,0,1781,15,"Yes","F",4,"40  to 49 ",40,"Outside Top 3",12,3,3,"","","","","","","","","","",12,"","","",3,"","","","","",1]
[null,null,402789,"FRANCESCO TIRENDI","TIRENDI","FRANCESCO",15,1774,118.26666666666667,32.733333333333334,0,0,0,1774,15,"Yes","M",5,"50  to 59 ",41,"Outside Top 3",29,"Outside Top 3",7,29,"","","","",7,"","","","","","","","","","","","","","",0]
[null,null,402958,"SIMON DI GIACOMO","DI GIACOMO","SIMON",12,1739,144.91666666666666,6.0833333333333428,0,0,0,1739,12,"No","M",2," To 29","","Outside Top 3",null,"Outside Top 3",null,"","","","","","","","","","","","","","","","","","","","",0]
[null,null,402873,"SCOTT MCINNES","MCINNES","SCOTT",15,1731,115.4,35.599999999999994,0,0,0,1731,15,"Yes","M",5,"50  to 59 ",42,"Outside Top 3",30,"Outside Top 3",8,30,"","","","",8,"","","","","","","","","","","","","","",0]
[null,null,402941,"ROSEMARIE LABUSCHAGNE","LABUSCHAGNE","ROSEMARIE",15,1731,115.4,35.599999999999994,2,0,0,1731,15,"Yes","F",5,"50  to 59 ",42,"Outside Top 3",13,"Outside Top 3",4,"","","","","","","","","","",13,"","","","",4,"","","","",0]
[null,null,402706,"ANTONY DAAMEN","DAAMEN","ANTONY",15,1725,115,36,2,0,0,1725,15,"Yes","M",5,"50  to 59 ",44,"Outside Top 3",31,"Outside Top 3",9,31,"","","","",9,"","","","","","","","","","","","","","",0]
[null,null,402816,"JIM MCNABB","MCNABB","JIM",15,1720,114.66666666666667,36.333333333333329,2,0,0,1720,15,"Yes","M",7,"65  to 69 ",45,"Outside Top 3",32,"Outside Top 3",4,32,"","","","","","",4,"","","","","","","","","","","","",0]
[null,null,402959,"SIZHONG SUN","SUN","SIZHONG",11,1570,142.72727272727272,8.2727272727272805,1,1,142.72727272727272,1712.7272727272727,12,"No","M",3,"30  to 39 ","","Outside Top 3",null,"Outside Top 3",null,"","","","","","","","","","","","","","","","","","","","",0]
[null,null,513300,"ISA MARRINAN","MARRINAN","ISA",15,1703,113.53333333333333,37.466666666666669,1,0,0,1703,15,"Yes","F",6,"60  to 64 ",46,"Outside Top 3",14,1,1,"","","","","","","","","","",14,"","","","","",1,"","","",1]
[null,null,402937,"KEITH RICH","RICH","KEITH",14,1583,113.07142857142857,37.928571428571431,2,1,113.07142857142857,1696.0714285714287,15,"Yes","M",5,"50  to 59 ",47,"Outside Top 3",33,"Outside Top 3",10,33,"","","","",10,"","","","","","","","","","","","","","",0]
[null,null,508056,"CLAYTON SMALES","SMALES","CLAYTON",14,1696,121.14285714285714,29.857142857142861,0,0,0,1696,14,"No","M",4,"40  to 49 ","","Outside Top 3",null,"Outside Top 3",null,"","","","","","","","","","","","","","","","","","","","",0]
[null,null,460538,"JESSLYN NELSON","NELSON","JESSLYN",14,1651,117.92857142857143,33.071428571428569,0,0,0,1651,14,"No","F",3,"30  to 39 ","","Outside Top 3",null,"Outside Top 3",null,"","","","","","","","","","","","","","","","","","","","",0]
[null,null,403055,"SUSAN DOHERTY","DOHERTY","SUSAN",15,1634,108.93333333333334,42.066666666666663,0,0,0,1634,15,"Yes","F",5,"50  to 59 ",48,"Outside Top 3",15,"Outside Top 3",5,"","","","","","","","","","",15,"","","","",5,"","","","",0]
[null,null,283914,"LYNDIE BEIL","BEIL","LYNDIE",15,1626,108.4,42.599999999999994,2,0,0,1626,15,"Yes","F",7,"65  to 69 ",49,"Outside Top 3",16,1,1,"","","","","","","","","","",16,"","","","","","",1,"","",1]
[null,null,402830,"JENNY BROWN","BROWN","JENNY",15,1616,107.73333333333333,43.266666666666666,3,0,0,1616,15,"Yes","F",7,"65  to 69 ",50,"Outside Top 3",17,2,2,"","","","","","","","","","",17,"","","","","","",2,"","",1]
[null,null,402887,"MARY DONOGHUE","DONOGHUE","MARY",15,1603,106.86666666666666,44.13333333333334,4,0,0,1603,15,"Yes","F",6,"60  to 64 ",51,"Outside Top 3",18,2,2,"","","","","","","","","","",18,"","","","","",2,"","","",1]
[null,null,402892,"MIKE RUBENACH","RUBENACH","MIKE",15,1596,106.4,44.599999999999994,4,0,0,1596,15,"Yes","M",8,"70  to 74 ",52,"Outside Top 3",34,1,1,34,"","","","","","","",1,"","","","","","","","","","","",1]
[null,null,402714,"ANNALIESE OTTO","OTTO","ANNALIESE",15,1574,104.93333333333334,46.066666666666663,2,0,0,1574,15,"Yes","F",3,"30  to 39 ",53,"Outside Top 3",19,"Outside Top 3",5,"","","","","","","","","","",19,"","",5,"","","","","","",0]
[null,null,403035,"CELESTE LABUSCHAGNE","LABUSCHAGNE","CELESTE",15,1555,103.66666666666667,47.333333333333329,2,0,0,1555,15,"Yes","F",3,"30  to 39 ",54,"Outside Top 3",20,"Outside Top 3",6,"","","","","","","","","","",20,"","",6,"","","","","","",0]
[null,null,403000,"WILLIAM SUE YEK","SUE YEK","WILLIAM",15,1531,102.06666666666666,48.933333333333337,8,0,0,1531,15,"Yes","M",6,"60  to 64 ",55,"Outside Top 3",35,"Outside Top 3",5,35,"","","","","",5,"","","","","","","","","","","","","",0]
[null,null,510114,"DAVID NAHRUNG","NAHRUNG","DAVID",10,1273,127.3,23.700000000000003,2,2,254.6,1527.6,12,"No","M",4,"40  to 49 ","","Outside Top 3",null,"Outside Top 3",null,"","","","","","","","","","","","","","","","","","","","",0]
[null,null,402881,"MATHEW SMITH","SMITH","MATHEW",15,1524,101.6,49.400000000000006,1,0,0,1524,15,"Yes","M",3,"30  to 39 ",56,"Outside Top 3",36,"Outside Top 3",6,36,"","",6,"","","","","","","","","","","","","","","","",0]
[null,null,402739,"CAT JOHNSON","JOHNSON","CAT",14,1415,101.07142857142857,49.928571428571431,2,1,101.07142857142857,1516.0714285714287,15,"Yes","F",5,"50  to 59 ",57,"Outside Top 3",21,"Outside Top 3",6,"","","","","","","","","","",21,"","","","",6,"","","","",0]
[null,null,513936,"CHRIS ISEPY","ISEPY","CHRIS",12,1272,106,45,3,2,212,1484,14,"No","M",3,"30  to 39 ","","Outside Top 3",null,"Outside Top 3",null,"","","","","","","","","","","","","","","","","","","","",0]
[null,null,402827,{"$f":"F69&\" \"&E69","v":"SOPHIE KIERNAN"},"KIERNAN","SOPHIE",11,1360,123.63636363636364,27.36363636363636,1,1,123.63636363636364,1483.6363636363637,12,"No","F",2," To 29","","Outside Top 3",null,"Outside Top 3",null,"","","","","","","","","","","","","","","","","","","","",0]
[null,null,402766,"DAVID WHARTON","WHARTON","DAVID",11,1253,113.90909090909091,37.090909090909093,4,2,227.81818181818181,1480.8181818181818,13,"No","M",6,"60  to 64 ","","Outside Top 3",null,"Outside Top 3",null,"","","","","","","","","","","","","","","","","","","","",0]
[null,null,402981,"THERESE KEIR","KEIR","THERESE",15,1470,98,53,2,0,0,1470,15,"Yes","F",7,"65  to 69 ",58,"Outside Top 3",22,3,3,"","","","","","","","","","",22,"","","","","","",3,"","",1]
[null,null,402708,"DAVID BROOKE-TAYLOR","BROOKE-TAYLOR","DAVID",13,1260,96.92307692307692,54.07692307692308,3,2,193.84615384615384,1453.8461538461538,15,"Yes","M",7,"65  to 69 ",59,"Outside Top 3",37,"Outside Top 3",5,37,"","","","","","",5,"","","","","","","","","","","","",0]
[null,null,402820,"JAAP DE JONG","DE JONG","JAAP",15,1453,96.86666666666666,54.13333333333334,1,0,0,1453,15,"Yes","M",8,"70  to 74 ",60,"Outside Top 3",38,2,2,38,"","","","","","","",2,"","","","","","","","","","","",1]
[null,null,488858,"DALE ERIKSEN","ERIKSEN","DALE",11,1225,111.36363636363636,39.63636363636364,3,2,222.72727272727272,1447.7272727272727,13,"No","F",5,"50  to 59 ","","Outside Top 3",null,"Outside Top 3",null,"","","","","","","","","","","","","","","","","","","","",0]
[null,null,402761,"DAVE SEWELL","SEWELL","DAVE",9,1183,131.44444444444446,19.555555555555543,3,2,262.88888888888891,1445.8888888888889,11,"No","M",7,"65  to 69 ","","Outside Top 3",null,"Outside Top 3",null,"","","","","","","","","","","","","","","","","","","","",0]
[null,null,402866,"LIA JOHNSON","JOHNSON","LIA",11,1217,110.63636363636364,40.36363636363636,2,2,221.27272727272728,1438.2727272727273,13,"No","F",5,"50  to 59 ","","Outside Top 3",null,"Outside Top 3",null,"","","","","","","","","","","","","","","","","","","","",0]
[null,null,402874,"SHEBA MUGAMBI","MUGAMBI","SHEBA",11,1306,118.72727272727273,32.272727272727266,1,1,118.72727272727273,1424.7272727272727,12,"No","F",4,"40  to 49 ","","Outside Top 3",null,"Outside Top 3",null,"","","","","","","","","","","","","","","","","","","","",0]
[null,null,402842,"JOHN WALSH","WALSH","JOHN",12,1409,117.41666666666667,33.583333333333329,0,0,0,1409,12,"No","M",6,"60  to 64 ","","Outside Top 3",null,"Outside Top 3",null,"","","","","","","","","","","","","","","","","","","","",0]
[null,null,528020,"GERRY MAGUIRE","MAGUIRE","GERRY",8,1112,139,12,2,2,278,1390,10,"No","M",5,"50  to 59 ","","Outside Top 3",null,"Outside Top 3",null,"","","","","","","","","","","","","","","","","","","","",0]
[null,null,402952,"CAM LEITCH","LEITCH","CAM",13,1204,92.615384615384613,58.384615384615387,2,2,185.23076923076923,1389.2307692307693,15,"Yes","M",6,"60  to 64 ",61,"Outside Top 3",39,"Outside Top 3",6,39,"","","","","",6,"","","","","","","","","","","","","",0]
[null,null,402757,"DAN REYNOLDS","REYNOLDS","DAN",11,1383,125.72727272727273,25.272727272727266,0,0,0,1383,11,"No","M",5,"50  to 59 ","","Outside Top 3",null,"Outside Top 3",null,"","","","","","","","","","","","","","","","","","","","",0]
[null,null,402835,"JOHN HOGGAN","HOGGAN","JOHN",9,1082,120.22222222222223,30.777777777777771,2,2,240.44444444444446,1322.4444444444443,11,"No","M",5,"50  to 59 ","","Outside Top 3",null,"Outside Top 3",null,"","","","","","","","","","","","","","","","","","","","",0]
[null,null,402771,"DEFFY TSANG","TSANG","DEFFY",10,1095,109.5,41.5,2,2,219,1314,12,"No","F",4,"40  to 49 ","","Outside Top 3",null,"Outside Top 3",null,"","","","","","","","","","","","","","","","","","","","",0]
[null,null,403009,"BRIAN ARMIT","ARMIT","BRIAN",10,1082,108.2,42.8,3,2,216.4,1298.4000000000001,12,"No","M",6,"60  to 64 ","","Outside Top 3",null,"Outside Top 3",null,"","","","","","","","","","","","","","","","","","","","",0]
[null,null,402914,"PAUL O'REGAN","O'REGAN","PAUL",9,1158,128.66666666666666,22.333333333333343,1,1,128.66666666666666,1286.6666666666667,10,"No","M",4,"40  to 49 ","","Outside Top 3",null,"Outside Top 3",null,"","","","","","","","","","","","","","","","","","","","",0]
[null,null,509669,"KELLY GIFFORD","GIFFORD","KELLY",11,1260,114.54545454545455,36.454545454545453,0,0,0,1260,11,"No","F",4,"40  to 49 ","","Outside Top 3",null,"Outside Top 3",null,"","","","","","","","","","","","","","","","","","","","",0]
[null,null,402885,"SUSAN MAYHEW","MAYHEW","SUSAN",10,1145,114.5,36.5,1,1,114.5,1259.5,11,"No","F",5,"50  to 59 ","","Outside Top 3",null,"Outside Top 3",null,"","","","","","","","","","","","","","","","","","","","",0]
[null,null,612405,"POOK MACHIN","MACHIN","POOK",12,1259,104.91666666666667,46.083333333333329,0,0,0,1259,12,"No","F",4,"40  to 49 ","","Outside Top 3",null,"Outside Top 3",null,"","","","","","","","","","","","","","","","","","","","",0]
[null,null,509369,"RIANA SCHMITT","SCHMITT","RIANA",10,1252,125.2,25.799999999999997,0,0,0,1252,10,"No","F",3,"30  to 39 ","","Outside Top 3",null,"Outside Top 3",null,"","","","","","","","","","","","","","","","","","","","",0]
[null,null,402754,"CONNY MUHLENBERG","MUHLENBERG","CONNY",10,1010,101,50,2,2,202,1212,12,"No","F",6,"60  to 64 ","","Outside Top 3",null,"Outside Top 3",null,"","","","","","","","","","","","","","","","","","","","",0]
[null,null,402942,"ROSIE DOHERTY","DOHERTY","ROSIE",11,1109,100.81818181818181,50.181818181818187,1,1,100.81818181818181,1209.8181818181818,12,"No","F",2," To 29","","Outside Top 3",null,"Outside Top 3",null,"","","","","","","","","","","","","","","","","","","","",0]
[null,null,402814,"SHANE HYNES","HYNES","SHANE",7,1043,149,2,1,1,149,1192,8,"No","M",4,"40  to 49 ","","Outside Top 3",null,"Outside Top 3",null,"","","","","","","","","","","","","","","","","","","","",0]
[null,null,460766,"SARAH COLLINS","COLLINS","SARAH",10,1074,107.4,43.599999999999994,1,1,107.4,1181.4000000000001,11,"No","F",2," To 29","","Outside Top 3",null,"Outside Top 3",null,"","","","","","","","","","","","","","","","","","","","",0]
[null,null,402735,"CATRINA CAMAKARIS","CAMAKARIS","CATRINA",11,996,90.545454545454547,60.454545454545453,3,2,181.09090909090909,1177.090909090909,13,"No","F",3,"30  to 39 ","","Outside Top 3",null,"Outside Top 3",null,"","","","","","","","","","","","","","","","","","","","",0]
[null,null,559901,"TRAVIS SCHMITT","SCHMITT","TRAVIS",9,1151,127.88888888888889,23.111111111111114,0,0,0,1151,9,"No","M",3,"30  to 39 ","","Outside Top 3",null,"Outside Top 3",null,"","","","","","","","","","","","","","","","","","","","",0]
[null,null,402975,"TONY GORDON","GORDON","TONY",6,821,136.83333333333334,14.166666666666657,3,2,273.66666666666669,1094.6666666666667,8,"No","M",3,"30  to 39 ","","Outside Top 3",null,"Outside Top 3",null,"","","","","","","","","","","","","","","","","","","","",0]
[null,null,402801,"GLEN DAVIES","DAVIES","GLEN",7,827,118.14285714285714,32.857142857142861,8,2,236.28571428571428,1063.2857142857142,9,"No","M",5,"50  to 59 ","","Outside Top 3",null,"Outside Top 3",null,"","","","","","","","","","","","","","","","","","","","",0]
[null,null,491347,"ANDREW HANNAY","HANNAY","ANDREW",10,1054,105.4,45.599999999999994,0,0,0,1054,10,"No","M",3,"30  to 39 ","","Outside Top 3",null,"Outside Top 3",null,"","","","","","","","","","","","","","","","","","","","",0]
[null,null,402821,"JACK SIBLEY","SIBLEY","JACK",11,882,80.181818181818187,70.818181818181813,2,2,160.36363636363637,1042.3636363636365,13,"No","M",9,"75  & older","","Outside Top 3",null,"Outside Top 3",null,"","","","","","","","","","","","","","","","","","","","",0]
[null,null,509212,"TERRY HIETTE","HIETTE","TERRY",7,908,129.71428571428572,21.285714285714278,1,1,129.71428571428572,1037.7142857142858,8,"No","M",6,"60  to 64 ","","Outside Top 3",null,"Outside Top 3",null,"","","","","","","","","","","","","","","","","","","","",0]
[null,null,403049,"PHILIP COPP","COPP","PHILIP",7,1031,147.28571428571428,3.7142857142857224,0,0,0,1031,7,"No","M",5,"50  to 59 ","","Outside Top 3",null,"Outside Top 3",null,"","","","","","","","","","","","","","","","","","","","",0]
[null,null,612417,"JAMIE MACHIN","MACHIN","JAMIE",8,1021,127.625,23.375,0,0,0,1021,8,"No","M",4,"40  to 49 ","","Outside Top 3",null,"Outside Top 3",null,"","","","","","","","","","","","","","","","","","","","",0]
[null,null,402955,"LARA SEWELL","SEWELL","LARA",8,1019,127.375,23.625,0,0,0,1019,8,"No","F",3,"30  to 39 ","","Outside Top 3",null,"Outside Top 3",null,"","","","","","","","","","","","","","","","","","","","",0]
[null,null,402852,"JUSTIN SMITH","SMITH","JUSTIN",6,758,126.33333333333333,24.666666666666671,5,2,252.66666666666666,1010.6666666666666,8,"No","M",3,"30  to 39 ","","Outside Top 3",null,"Outside Top 3",null,"","","","","","","","","","","","","","","","","","","","",0]
[null,null,402993,"DAVE HAMPTON","HAMPTON","DAVE",10,997,99.7,51.3,0,0,0,997,10,"No","M",6,"60  to 64 ","","Outside Top 3",null,"Outside Top 3",null,"","","","","","","","","","","","","","","","","","","","",0]
[null,null,495267,"DIANE GARVIE","GARVIE","DIANE",9,891,99,52,1,1,99,990,10,"No","F",5,"50  to 59 ","","Outside Top 3",null,"Outside Top 3",null,"","","","","","","","","","","","","","","","","","","","",0]
[null,null,402891,"MICHAEL PUNSHON","PUNSHON","MICHAEL",5,687,137.4,13.599999999999994,4,2,274.8,961.8,7,"No","M",5,"50  to 59 ","","Outside Top 3",null,"Outside Top 3",null,"","","","","","","","","","","","","","","","","","","","",0]
[null,null,402824,"JAN HOOPER","HOOPER","JAN",9,777,86.333333333333329,64.666666666666671,3,2,172.66666666666666,949.66666666666663,11,"No","F",6,"60  to 64 ","","Outside Top 3",null,"Outside Top 3",null,"","","","","","","","","","","","","","","","","","","","",0]
[null,null,513334,"GILLIAN KENNEDY","KENNEDY","GILLIAN",8,947,118.375,32.625,0,0,0,947,8,"No","F",4,"40  to 49 ","","Outside Top 3",null,"Outside Top 3",null,"","","","","","","","","","","","","","","","","","","","",0]
[null,null,402979,"TERENCE FANNING","FANNING","TERENCE",8,933,116.625,34.375,0,0,0,933,8,"No","M",4,"40  to 49 ","","Outside Top 3",null,"Outside Top 3",null,"","","","","","","","","","","","","","","","","","","","",0]
[null,null,609664,"MATTHEW HUNTER","HUNTER","MATTHEW",7,923,131.85714285714286,19.142857142857139,0,0,0,923,7,"No","M",4,"40  to 49 ","","Outside Top 3",null,"Outside Top 3",null,"","","","","","","","","","","","","","","","","","","","",0]
[null,null,402845,"JOHN OLSEN","OLSEN","JOHN",10,907,90.7,60.3,0,0,0,907,10,"No","M",6,"60  to 64 ","","Outside Top 3",null,"Outside Top 3",null,"","","","","","","","","","","","","","","","","","","","",0]
[null,null,402917,"PETER NEIMANIS","NEIMANIS","PETER",6,761,126.83333333333333,24.166666666666671,1,1,126.83333333333333,887.83333333333337,7,"No","M",5,"50  to 59 ","","Outside Top 3",null,"Outside Top 3",null,"","","","","","","","","","","","","","","","","","","","",0]
[null,null,402803,"GEOFF STANTON","STANTON","GEOFF",5,611,122.2,28.799999999999997,2,2,244.4,855.4,7,"No","M",5,"50  to 59 ","","Outside Top 3",null,"Outside Top 3",null,"","","","","","","","","","","","","","","","","","","","",0]
[null,null,572822,"KRYSTAL PEARSON","PEARSON","KRYSTAL",7,848,121.14285714285714,29.857142857142861,0,0,0,848,7,"No","F",2," To 29","","Outside Top 3",null,"Outside Top 3",null,"","","","","","","","","","","","","","","","","","","","",0]
[null,null,402880,"NANCY NORTON","NORTON","NANCY",7,625,89.285714285714292,61.714285714285708,2,2,178.57142857142858,803.57142857142856,9,"No","F",3,"30  to 39 ","","Outside Top 3",null,"Outside Top 3",null,"","","","","","","","","","","","","","","","","","","","",0]
[null,null,403027,"GARRY HOOPER","HOOPER","GARRY",6,580,96.666666666666671,54.333333333333329,4,2,193.33333333333334,773.33333333333337,8,"No","M",8,"70  to 74 ","","Outside Top 3",null,"Outside Top 3",null,"","","","","","","","","","","","","","","","","","","","",0]
[null,null,402840,"JOANNE STACEY","STACEY","JOANNE",4,515,128.75,22.25,2,2,257.5,772.5,6,"No","F",4,"40  to 49 ","","Outside Top 3",null,"Outside Top 3",null,"","","","","","","","","","","","","","","","","","","","",0]
[null,null,493642,"SUSAN HORSCROFT","HORSCROFT","SUSAN",8,741,92.625,58.375,0,0,0,741,8,"No","F",6,"60  to 64 ","","Outside Top 3",null,"Outside Top 3",null,"","","","","","","","","","","","","","","","","","","","",0]
[null,null,402924,"GRETA NEIMANIS","NEIMANIS","GRETA",5,523,104.6,46.400000000000006,2,2,209.2,732.2,7,"No","F",2," To 29","","Outside Top 3",null,"Outside Top 3",null,"","","","","","","","","","","","","","","","","","","","",0]
[null,null,528021,"LIZ MAGUIRE","MAGUIRE","LIZ",4,580,145,6,1,1,145,725,5,"No","F",4,"40  to 49 ","","Outside Top 3",null,"Outside Top 3",null,"","","","","","","","","","","","","","","","","","","","",0]
[null,null,521852,"RACHEL DOYLE","DOYLE","RACHEL",7,718,102.57142857142857,48.428571428571431,0,0,0,718,7,"No","F",4,"40  to 49 ","","Outside Top 3",null,"Outside Top 3",null,"","","","","","","","","","","","","","","","","","","","",0]
[null,null,509524,"STEVEN HUTCHESON","HUTCHESON","STEVEN",5,702,140.4,10.599999999999994,0,0,0,702,5,"No","M",2," To 29","","Outside Top 3",null,"Outside Top 3",null,"","","","","","","","","","","","","","","","","","","","",0]
[null,null,533700,"GORDON WING","WING","GORDON",5,695,139,12,0,0,0,695,5,"No","M",4,"40  to 49 ","","Outside Top 3",null,"Outside Top 3",null,"","","","","","","","","","","","","","","","","","","","",0]
[null,null,402938,"JIM IVES","IVES","JIM",7,640,91.428571428571431,59.571428571428569,0,0,0,640,7,"No","M",7,"65  to 69 ","","Outside Top 3",null,"Outside Top 3",null,"","","","","","","","","","","","","","","","","","","","",0]
[null,null,402832,"JENNIFER HEARN","HEARN","JENNIFER",7,635,90.714285714285708,60.285714285714292,0,0,0,635,7,"No","F",6,"60  to 64 ","","Outside Top 3",null,"Outside Top 3",null,"","","","","","","","","","","","","","","","","","","","",0]
[null,null,511206,"MICHAEL HUNTER","HUNTER","MICHAEL",5,635,127,24,0,0,0,635,5,"No","M",4,"40  to 49 ","","Outside Top 3",null,"Outside Top 3",null,"","","","","","","","","","","","","","","","","","","","",0]
[null,null,505074,"CLARE BOSWORTH","BOSWORTH","CLARE",7,629,89.857142857142861,61.142857142857139,0,0,0,629,7,"No","F",2," To 29","","Outside Top 3",null,"Outside Top 3",null,"","","","","","","","","","","","","","","","","","","","",0]
[null,null,402856,"KELLY DICKETTS","DICKETTS","KELLY",5,504,100.8,50.2,1,1,100.8,604.79999999999995,6,"No","F",3,"30  to 39 ","","Outside Top 3",null,"Outside Top 3",null,"","","","","","","","","","","","","","","","","","","","",0]
[null,null,402985,"TILLEY PAIN","PAIN","TILLEY",6,494,82.333333333333329,68.666666666666671,1,1,82.333333333333329,576.33333333333337,7,"No","F",5,"50  to 59 ","","Outside Top 3",null,"Outside Top 3",null,"","","","","","","","","","","","","","","","","","","","",0]
[null,null,402971,"STUART MOORE","MOORE","STUART",4,538,134.5,16.5,0,0,0,538,4,"No","M",5,"50  to 59 ","","Outside Top 3",null,"Outside Top 3",null,"","","","","","","","","","","","","","","","","","","","",0]
[null,null,402876,"MARGOT DOHERTY","DOHERTY","MARGOT",5,527,105.4,45.599999999999994,0,0,0,527,5,"No","F",2," To 29","","Outside Top 3",null,"Outside Top 3",null,"","","","","","","","","","","","","","","","","","","","",0]
[null,null,402895,{"$f":"F133&\" \"&E133","v":"CHERYL HOBSON"},"HOBSON","CHERYL",5,376,75.2,75.8,2,2,150.4,526.4,7,"No","F",7,"65  to 69 ","","Outside Top 3",null,"Outside Top 3",null,"","","","","","","","","","","","","","","","","","","","",0]
[null,null,538431,"ADRIAN KIRBY","KIRBY","ADRIAN",4,484,121,30,0,0,0,484,4,"No","M",5,"50  to 59 ","","Outside Top 3",null,"Outside Top 3",null,"","","","","","","","","","","","","","","","","","","","",0]
[null,null,402817,"IAN R CATTERALL","CATTERALL","IAN R",5,483,96.6,54.400000000000006,0,0,0,483,5,"No","M",5,"50  to 59 ","","Outside Top 3",null,"Outside Top 3",null,"","","","","","","","","","","","","","","","","","","","",0]
[null,null,403052,"KATHLEEN NEIMANIS","NEIMANIS","KATHLEEN",3,281,93.666666666666671,57.333333333333329,2,2,187.33333333333334,468.33333333333337,5,"No","F",5,"50  to 59 ","","Outside Top 3",null,"Outside Top 3",null,"","","","","","","","","","","","","","","","","","","","",0]
[null,null,539202,"ANNIKA FROSSLING","FROSSLING","ANNIKA",3,351,117,34,1,1,117,468,4,"No","F",6,"60  to 64 ","","Outside Top 3",null,"Outside Top 3",null,"","","","","","","","","","","","","","","","","","","","",0]
[null,null,402983,"WALLY THOMPSON","THOMPSON","WALLY",5,379,75.8,75.2,1,1,75.8,454.8,6,"No","M",5,"50  to 59 ","","Outside Top 3",null,"Outside Top 3",null,"","","","","","","","","","","","","","","","","","","","",0]
[null,null,543663,"LEE DOWEL","DOWEL","LEE",3,272,90.666666666666671,60.333333333333329,2,2,181.33333333333334,453.33333333333337,5,"No","F",4,"40  to 49 ","","Outside Top 3",null,"Outside Top 3",null,"","","","","","","","","","","","","","","","","","","","",0]
[null,null,470095,"ANNA JOWETT","JOWETT","ANNA",4,451,112.75,38.25,0,0,0,451,4,"No","F",3,"30  to 39 ","","Outside Top 3",null,"Outside Top 3",null,"","","","","","","","","","","","","","","","","","","","",0]
[null,null,203995,"BELINDA DAUNT","DAUNT","BELINDA",3,338,112.66666666666667,38.333333333333329,1,1,112.66666666666667,450.66666666666669,4,"No","F",3,"30  to 39 ","","Outside Top 3",null,"Outside Top 3",null,"","","","","","","","","","","","","","","","","","","","",0]
[null,null,475238,"VERONICA GROAT","GROAT","VERONICA",3,336,112,39,1,1,112,448,4,"No","F",4,"40  to 49 ","","Outside Top 3",null,"Outside Top 3",null,"","","","","","","","","","","","","","","","","","","","",0]
[null,null,402792,"LISA JONES","JONES","LISA",3,333,111,40,1,1,111,444,4,"No","F",4,"40  to 49 ","","Outside Top 3",null,"Outside Top 3",null,"","","","","","","","","","","","","","","","","","","","",0]
[null,null,524329,"FIONA MURAKAMI","MURAKAMI","FIONA",4,433,108.25,42.75,0,0,0,433,4,"No","F",4,"40  to 49 ","","Outside Top 3",null,"Outside Top 3",null,"","","","","","","","","","","","","","","","","","","","",0]
[null,null,402877,"MARK DOWEL","DOWEL","MARK",3,314,104.66666666666667,46.333333333333329,1,1,104.66666666666667,418.66666666666669,4,"No","M",5,"50  to 59 ","","Outside Top 3",null,"Outside Top 3",null,"","","","","","","","","","","","","","","","","","","","",0]
[null,null,510170,"KAREN ROBERTS","ROBERTS","KAREN",4,330,82.5,68.5,1,1,82.5,412.5,5,"No","F",4,"40  to 49 ","","Outside Top 3",null,"Outside Top 3",null,"","","","","","","","","","","","","","","","","","","","",0]
[null,null,402996,"WARREN MCDONALD","MCDONALD","WARREN",4,395,98.75,52.25,0,0,0,395,4,"No","M",7,"65  to 69 ","","Outside Top 3",null,"Outside Top 3",null,"","","","","","","","","","","","","","","","","","","","",0]
[null,null,402918,"PETER DANIEL","DANIEL","PETER",4,387,96.75,54.25,0,0,0,387,4,"No","M",8,"70  to 74 ","","Outside Top 3",null,"Outside Top 3",null,"","","","","","","","","","","","","","","","","","","","",0]
[null,null,402920,"PETER LAHIFF","LAHIFF","PETER",4,371,92.75,58.25,0,0,0,371,4,"No","M",9,"75  & older","","Outside Top 3",null,"Outside Top 3",null,"","","","","","","","","","","","","","","","","","","","",0]
[null,null,495401,"BELINDA BARBER","BARBER","BELINDA",3,273,91,60,1,1,91,364,4,"No","F",3,"30  to 39 ","","Outside Top 3",null,"Outside Top 3",null,"","","","","","","","","","","","","","","","","","","","",0]
[null,null,402750,"CLAUDIA GILLHAM","GILLHAM","CLAUDIA",5,357,71.400000000000006,79.599999999999994,0,0,0,357,5,"No","F",7,"65  to 69 ","","Outside Top 3",null,"Outside Top 3",null,"","","","","","","","","","","","","","","","","","","","",0]
[null,null,402725,"BRIAN LETIZIA","LETIZIA","BRIAN",4,341,85.25,65.75,0,0,0,341,4,"No","M",6,"60  to 64 ","","Outside Top 3",null,"Outside Top 3",null,"","","","","","","","","","","","","","","","","","","","",0]
[null,null,403053,"RACHAEL THOMPSON","THOMPSON","RACHAEL",1,111,111,40,5,2,222,333,3,"No","F",4,"40  to 49 ","","Outside Top 3",null,"Outside Top 3",null,"","","","","","","","","","","","","","","","","","","","",0]
[null,null,402948,"SAM STEDMAN","STEDMAN","SAM",2,300,150,1,0,0,0,300,2,"No","M",3,"30  to 39 ","","Outside Top 3",null,"Outside Top 3",null,"","","","","","","","","","","","","","","","","","","","",0]
[null,null,551950,"JOHN MARANO","MARANO","JOHN",4,299,74.75,76.25,0,0,0,299,4,"No","M",6,"60  to 64 ","","Outside Top 3",null,"Outside Top 3",null,"","","","","","","","","","","","","","","","","","","","",0]
[null,null,598623,"MIC MUELLER-COONS","MUELLER-COONS","MIC",2,239,119.5,31.5,0,0,0,239,2,"No","M",5,"50  to 59 ","","Outside Top 3",null,"Outside Top 3",null,"","","","","","","","","","","","","","","","","","","","",0]
[null,null,402951,"STEVE BROOKS","BROOKS","STEVE",2,236,118,33,0,0,0,236,2,"No","M",3,"30  to 39 ","","Outside Top 3",null,"Outside Top 3",null,"","","","","","","","","","","","","","","","","","","","",0]
[null,null,402729,"BRENDAN LEW","LEW","BRENDAN",2,236,118,33,0,0,0,236,2,"No","M",4,"40  to 49 ","","Outside Top 3",null,"Outside Top 3",null,"","","","","","","","","","","","","","","","","","","","",0]
[null,null,565510,"KATIE TURNER","TURNER","KATIE",3,235,78.333333333333329,72.666666666666671,0,0,0,235,3,"No","F",3,"30  to 39 ","","Outside Top 3",null,"Outside Top 3",null,"","","","","","","","","","","","","","","","","","","","",0]
[null,null,496529,"MARK PRASSER","PRASSER","MARK",2,230,115,36,0,0,0,230,2,"No","M",3,"30  to 39 ","","Outside Top 3",null,"Outside Top 3",null,"","","","","","","","","","","","","","","","","","","","",0]
[null,null,515961,"SANDRA KNOWLES","KNOWLES","SANDRA",1,114,114,37,1,1,114,228,2,"No","F",4,"40  to 49 ","","Outside Top 3",null,"Outside Top 3",null,"","","","","","","","","","","","","","","","","","","","",0]
[null,null,402781,"WILLIAM DAWSON","DAWSON","WILLIAM",2,218,109,42,0,0,0,218,2,"No","M",5,"50  to 59 ","","Outside Top 3",null,"Outside Top 3",null,"","","","","","","","","","","","","","","","","","","","",0]
[null,null,466959,"IMELDA ALEXOPOULOS","ALEXOPOULOS","IMELDA",2,207,103.5,47.5,0,0,0,207,2,"No","F",3,"30  to 39 ","","Outside Top 3",null,"Outside Top 3",null,"","","","","","","","","","","","","","","","","","","","",0]
[null,null,511864,"JIM KIRCHNER","KIRCHNER","JIM",2,196,98,53,0,0,0,196,2,"No","M",5,"50  to 59 ","","Outside Top 3",null,"Outside Top 3",null,"","","","","","","","","","","","","","","","","","","","",0]
[null,null,402841,"JOSEPH SCOTT","SCOTT","JOSEPH",2,194,97,54,0,0,0,194,2,"No","M",8,"70  to 74 ","","Outside Top 3",null,"Outside Top 3",null,"","","","","","","","","","","","","","","","","","","","",0]
[null,null,533169,"SYLVIA KELSO","KELSO","SYLVIA",3,181,60.333333333333336,90.666666666666657,0,0,0,181,3,"No","F",8,"70  to 74 ","","Outside Top 3",null,"Outside Top 3",null,"","","","","","","","","","","","","","","","","","","","",0]
[null,null,509360,"NATALIE FREISLICH","FREISLICH","NATALIE",2,180,90,61,0,0,0,180,2,"No","F",3,"30  to 39 ","","Outside Top 3",null,"Outside Top 3",null,"","","","","","","","","","","","","","","","","","","","",0]
[null,null,523725,"LUKE PALMER","PALMER","LUKE",2,172,86,65,0,0,0,172,2,"No","M",2," To 29","","Outside Top 3",null,"Outside Top 3",null,"","","","","","","","","","","","","","","","","","","","",0]
[null,null,497081,"SHONA SCHADEL","SCHADEL","SHONA",2,163,81.5,69.5,0,0,0,163,2,"No","F",3,"30  to 39 ","","Outside Top 3",null,"Outside Top 3",null,"","","","","","","","","","","","","","","","","","","","",0]
[null,null,457170,"JEREMY SHIELDS","SHIELDS","JEREMY",1,144,144,7,0,0,0,144,1,"No","M",3,"30  to 39 ","","Outside Top 3",null,"Outside Top 3",null,"","","","","","","","","","","","","","","","","","","","",0]
[null,null,502445,"ISOBEL KELLY","KELLY","ISOBEL",1,140,140,11,0,0,0,140,1,"No","F",2," To 29","","Outside Top 3",null,"Outside Top 3",null,"","","","","","","","","","","","","","","","","","","","",0]
[null,null,528022,"MATTHEW MAGUIRE","MAGUIRE","MATTHEW",1,138,138,13,0,0,0,138,1,"No","M",2," To 29","","Outside Top 3",null,"Outside Top 3",null,"","","","","","","","","","","","","","","","","","","","",0]
[null,null,401848,"JORDAN MOSELEY","MOSELEY","JORDAN",1,136,136,15,0,0,0,136,1,"No","M",2," To 29","","Outside Top 3",null,"Outside Top 3",null,"","","","","","","","","","","","","","","","","","","","",0]
[null,null,402991,"TRISH RUTHERFORD","RUTHERFORD","TRISH",1,136,136,15,0,0,0,136,1,"No","F",4,"40  to 49 ","","Outside Top 3",null,"Outside Top 3",null,"","","","","","","","","","","","","","","","","","","","",0]
[null,null,475223,"DONNA DOWLING","DOWLING","DONNA",1,131,131,20,0,0,0,131,1,"No","F",4,"40  to 49 ","","Outside Top 3",null,"Outside Top 3",null,"","","","","","","","","","","","","","","","","","","","",0]
[null,null,475224,"BRADLEY DOWLING","DOWLING","BRADLEY",1,125,125,26,0,0,0,125,1,"No","M",4,"40  to 49 ","","Outside Top 3",null,"Outside Top 3",null,"","","","","","","","","","","","","","","","","","","","",0]
[null,null,403008,"COLIN RYAN","RYAN","COLIN",1,116,116,35,0,0,0,116,1,"No","M",6,"60  to 64 ","","Outside Top 3",null,"Outside Top 3",null,"","","","","","","","","","","","","","","","","","","","",0]
[null,null,575912,"DOUG SILKE","SILKE","DOUG",1,116,116,35,0,0,0,116,1,"No","M",6,"60  to 64 ","","Outside Top 3",null,"Outside Top 3",null,"","","","","","","","","","","","","","","","","","","","",0]
[null,null,403026,"BETTY BECK","BECK","BETTY",1,111,111,40,0,0,0,111,1,"No","F",9,"75  & older","","Outside Top 3",null,"Outside Top 3",null,"","","","","","","","","","","","","","","","","","","","",0]
[null,null,402913,"OWEN STANLEY","STANLEY","OWEN",1,107,107,44,0,0,0,107,1,"No","M",8,"70  to 74 ","","Outside Top 3",null,"Outside Top 3",null,"","","","","","","","","","","","","","","","","","","","",0]
[null,null,563027,"DAVID YOUNG","YOUNG","DAVID",1,102,102,49,0,0,0,102,1,"No","M",5,"50  to 59 ","","Outside Top 3",null,"Outside Top 3",null,"","","","","","","","","","","","","","","","","","","","",0]
[null,null,402930,"ROD PARKER","PARKER","ROD",1,96,96,55,0,0,0,96,1,"No","M",7,"65  to 69 ","","Outside Top 3",null,"Outside Top 3",null,"","","","","","","","","","","","","","","","","","","","",0]
[null,null,509052,"ANGELA STRID","STRID","ANGELA",1,93,93,58,0,0,0,93,1,"No","F",3,"30  to 39 ","","Outside Top 3",null,"Outside Top 3",null,"","","","","","","","","","","","","","","","","","","","",0]
[null,null,572319,"JOHANNA QUINN","QUINN","JOHANNA",1,85,85,66,0,0,0,85,1,"No","F",3,"30  to 39 ","","Outside Top 3",null,"Outside Top 3",null,"","","","","","","","","","","","","","","","","","","","",0]
[null,null,402718,"ANGELA GILLHAM","GILLHAM","ANGELA",1,79,79,72,0,0,0,79,1,"No","F",3,"30  to 39 ","","Outside Top 3",null,"Outside Top 3",null,"","","","","","","","","","","","","","","","","","","","",0]